Разработка виртуального полигона в Unity3D; Информационные технологии в науке, управлении, социальной сфере и медицине; Ч. 1

Bibliografski detalji
Parent link:Информационные технологии в науке, управлении, социальной сфере и медицине: сборник научных трудов V Международной научной конференции, 17-21 декабря 2018 г., Томск/ Национальный исследовательский Томский политехнический университет (ТПУ) ; Томский государственный педагогический университет (ТГПУ) ; под ред. О. Г. Берестневой [и др.].— , 2018
Ч. 1.— 2018.— [С. 252-255]
Glavni autor: Журбич Н. И.
Autor kompanije: Национальный исследовательский Томский политехнический университет (ТПУ)
Daljnji autori: Зяблецев П. А.
Sažetak:Заглавие с титульного экрана
The paper is devoted to research and designing of autonomous car - a self-governing car in which artificial intelligence will take the role of driver. In today's world, the present invention is necessary because today humanity cannot imagine being without any types of transport.
Jezik:ruski
Izdano: 2018
Serija:Информационные системы и технологии
Teme:
Online pristup:http://earchive.tpu.ru/handle/11683/52292
Format: Elektronički Poglavlje knjige
KOHA link:https://koha.lib.tpu.ru/cgi-bin/koha/opac-detail.pl?biblionumber=628887

MARC

LEADER 00000naa2a2200000 4500
001 628887
005 20231101133532.0
035 |a (RuTPU)RU\TPU\conf\29227 
035 |a RU\TPU\conf\29220 
090 |a 628887 
100 |a 20190115d2018 k y0rusy50 ca 
101 0 |a rus  |d eng 
102 |a RU 
105 |a y z 101zy 
135 |a drcn ---uucaa 
181 0 |a i  
182 0 |a b 
200 1 |a Разработка виртуального полигона в Unity3D  |d Development of virtual polygon in Unity3D  |f Н. И. Журбич, П. А. Зяблецев 
203 |a Текст  |c электронный 
225 1 |a Информационные системы и технологии 
230 |a 1 компьютерный файл (pdf; 405 Kb) 
300 |a Заглавие с титульного экрана 
320 |a [Библиогр.: с. 255 (4 назв.)] 
330 |a The paper is devoted to research and designing of autonomous car - a self-governing car in which artificial intelligence will take the role of driver. In today's world, the present invention is necessary because today humanity cannot imagine being without any types of transport. 
461 1 |0 (RuTPU)RU\TPU\conf\29207  |t Информационные технологии в науке, управлении, социальной сфере и медицине  |o сборник научных трудов V Международной научной конференции, 17-21 декабря 2018 г., Томск  |o в 2 ч.  |f Национальный исследовательский Томский политехнический университет (ТПУ) ; Томский государственный педагогический университет (ТГПУ) ; под ред. О. Г. Берестневой [и др.]  |d 2018 
463 1 |0 (RuTPU)RU\TPU\conf\29208  |t Ч. 1  |v [С. 252-255]  |d 2018 
510 1 |a Development of virtual polygon in Unity3D  |z eng 
610 1 |a электронный ресурс 
610 1 |a труды учёных ТПУ 
610 1 |a self-driving car 
610 1 |a UML 
610 1 |a Unity3D 
610 1 |a motion algorithms of a self-driving car 
610 1 |a virtual polygon 
610 1 |a software package 
610 1 |a автомобили 
610 1 |a алгоритмы 
610 1 |a движение 
610 1 |a полигоны 
610 1 |a автоматическое управление 
610 1 |a пакет программ 
700 1 |a Журбич  |b Н. И. 
701 1 |a Зяблецев  |b П. А. 
712 0 2 |a Национальный исследовательский Томский политехнический университет (ТПУ)  |c (2009- )  |2 stltpush  |3 (RuTPU)RU\TPU\col\15902 
801 2 |a RU  |b 63413507  |c 20190118  |g RCR 
856 4 |u http://earchive.tpu.ru/handle/11683/52292 
942 |c BK